Stakeholder relationship management - potencial of company offers innovation

Súčasné znaky manažmentu strategického marketingu. Marketing vzťahov. Orientácia na trh. Vzťahy so zákazníkmi.

Guardado en:
Detalles Bibliográficos
Autor principal: Šimberová, Iveta
Formato: Capítulo de libro
Lenguaje:inglés
Materias:
Etiquetas: Agregar Etiqueta
Sin Etiquetas, Sea el primero en etiquetar este registro!

MARC

LEADER 00000naa$a2200000$$$4500
001 0090788
005 20221128083711.4
041 0 |a eng 
044 |a SK 
245 1 0 |a Stakeholder relationship management - potencial of company offers innovation  |c Iveta Šimberová 
520 |a Súčasné znaky manažmentu strategického marketingu. Marketing vzťahov. Orientácia na trh. Vzťahy so zákazníkmi. 
610 2 0 |a investori 
610 2 0 |a riadenie vzťahov so zákazníkmi 
610 2 0 |a marketing strategický 
610 2 0 |a manažment strategický 
610 2 0 |a podnik 
610 2 0 |a inovácia 
100 1 |a Šimberová, Iveta